Bonnie Tyler - Total Eclipse Of The Heart tekst - Statystyki

Ogólne statystyki
  • Ten quiz został rozwiązany 31 razy
    30 od ostatniego zresetowania
  • Średni wynik to 312 z 407
Statystyki odpowiedzi
Odpowiedź % Poprawnych
A
100%
And
100%
I
100%
To
100%
Ever
96%
Need
96%
Now
96%
You
96%
Of
92%
The
92%
Then
92%
Then,
92%
Tonight
92%
Around,
88%
Eclipse
88%
Every
88%
Heart
88%
Love
88%
Me
88%
On
88%
Than
88%
Total
88%
Turn
88%
Apart
84%
Fall
84%
Hold
84%
If
84%
More
84%
Can
80%
Forever
80%
In
80%
Tight
80%
Be
76%
Bright
76%
Eyes
76%
Little
76%
Only
76%
Time
76%
Time,
76%
Bit
72%
We
72%
Your
72%
Do,
68%
Do
68%
Falling
68%
Get
68%
I'm
68%
Know
68%
Never
68%
It
64%
Lonely,
64%
My
64%
Nothing
64%
Right
64%
There
64%
Tired
64%
Is
60%
Look
60%
Really
60%
Together,
60%
Together
60%
All
56%
Always
56%
Holding
56%
Once
56%
Round
56%
See
56%
Take
56%
Upon
56%
Was
56%
We'll
56%
Coming
52%
Don't
52%
End
52%
Gonna
52%
Like
52%
Making
52%
Say
52%
Dark
48%
Life
48%
There's
48%
What
48%
By
44%
'Cause
44%
Listening
44%
Nervous
44%
Sound
44%
Start
44%
You're
44%
Light
40%
Shadow
40%
Tears
40%
Terrified,
40%
That
40%
Wrong
40%
But
36%
Gone
36%
Have
36%
Best
32%
Line
32%
Sparks
28%
Years
28%
Forever's
24%
Giving
24%
We're
24%
Keg
20%
Keg,
20%
Living
20%
Powder
20%
Off
16%
Nie znaleziono quizów pasujących do podanych kryteriów
Rozkład punktacji
Procent ludzi z każdym wynikiem
Percentyl według liczby udzielonych odpowiedzi
Twoja historia wyników
Nie rozwiązałeś tego quizu od ostatniego zresetowania